000 00603nam a2200205Ia 4500
005 20250923145313.0
008 008 250917s9999 xx 000 0 eng d
037 _aTextual
040 _aDSWL
_beng
_cDSWL
041 _aeng
_2eng
084 _aZ20aY:434x, N73;1
_qDSWL
100 _aSinghvi, L.M.
_9833880
245 0 _aLaw and poverty : Cases and Materials
_c by L.M. Singhvi
260 _aBombay
_bN. M. Tripathi P. Ltd.
_c1973
300 _axvi,428 p.
365 _aINR
_b35 . 0
925 _g35 . 0
942 _cTEXL
_hZ20aY:434x, N73;1
999 _c1449707
_d1449707